[Event "Scarborough CC ch Reserves op"]
[Site "Toronto CAN"]
[Date "2010.04.22"]
[Round "9"]
[White "Maister, Martin"]
[Black "Fiedler, Brian"]
[Result "1/2-1/2"]
[WhiteElo "1875"]
[BlackElo "2165"]
[PlyCount "45"]
[EventDate "2010.02.25"]
[EventType "swiss"]
[EventRounds "9"]
[EventCountry "CAN"]

1. c4 g6 2. d4 Bg7 3. Nf3 d6 4. g3 Nf6 5. Bg2 O-O 6. O-O Nc6 7. Nc3 a6 8. d5
Na5 9. Nd2 c5 10. dxc6 Nxc6 11. Rb1 Be6 12. Nd5 Rc8 13. a4 a5 14. b3 Bxd5 15.
cxd5 Nb4 16. Nc4 Nd7 17. e4 Ne5 18. Bh3 Rb8 19. Nxe5 dxe5 20. Bd2 Qd6 21. Bxb4
Qxb4 22. Qe1 Qxe1 23. Rfxe1 1/2-1/2

[Event "Scarborough CC ch Reserves op"]
[Site "Toronto CAN"]
[Date "2010.04.22"]
[Round "9"]
[White "Manalo, Pepin"]
[Black "Ward, Dean"]
[Result "1-0"]
[WhiteElo "1838"]
[BlackElo "1806"]
[PlyCount "75"]
[EventDate "2010.02.25"]
[EventType "swiss"]
[EventRounds "9"]
[EventCountry "CAN"]

1. e4 c5 2. Nf3 d6 3. c4 Nc6 4. d4 cxd4 5. Nxd4 Qa5+ 6. Nc3 g6 7. Nb3 Qd8 8.
Be3 Bg7 9. Qd2 Nf6 10. h3 O-O 11. Be2 Na5 12. Nd4 a6 13. Rd1 Qc7 14. b3 b6 15.
f4 Bb7 16. Bf3 e5 17. Nde2 Rfd8 18. O-O Rac8 19. f5 Bc6 20. Ng3 Nb7 21. Rf2 b5
22. cxb5 Bxb5 23. Nxb5 axb5 24. Bg5 Re8 25. fxg6 hxg6 26. Be2 Nh7 27. Bxb5 Rf8
28. Be3 Nc5 29. Bc4 Nf6 30. Qc2 Qb7 31. Rdf1 Ncxe4 32. Nxe4 Nxe4 33. Qd1 Nxf2
34. Rxf2 Rcd8 35. Bd5 Qe7 36. Qg4 Kh7 37. Bg5 f6 38. Qh4+ 1-0

[Event "Scarborough CC ch Reserves op"]
[Site "Toronto CAN"]
[Date "2010.04.22"]
[Round "9"]
[White "Moran-Venegas, Mario"]
[Black "Kurkowski, Ken"]
[Result "1-0"]
[WhiteElo "1735"]
[BlackElo "1623"]
[PlyCount "25"]
[EventDate "2010.02.25"]
[EventType "swiss"]
[EventRounds "9"]
[EventCountry "CAN"]

1. e4 e6 2. d4 d5 3. Nc3 Nf6 4. e5 Nfd7 5. Be3 c5 6. Bb5 Nc6 7. Bxc6 bxc6 8.
Nf3 cxd4 9. Bg5 f6 10. exf6 gxf6 11. Nxd4 fxg5 12. Qh5+ Ke7 13. Nxc6+ 1-0

[Event "Scarborough CC ch Reserves op"]
[Site "Toronto CAN"]
[Date "2010.04.22"]
[Round "9"]
[White "Morra, Lui"]
[Black "Marcille, Gord"]
[Result "0-1"]
[WhiteElo "1660"]
[BlackElo "1778"]
[PlyCount "46"]
[EventDate "2010.02.25"]
[EventType "swiss"]
[EventRounds "9"]
[EventCountry "CAN"]

1. b3 Nf6 2. Bb2 d5 3. Nf3 Nc6 4. e3 Bg4 5. Be2 Bxf3 6. Bxf3 e5 7. d4 e4 8. Be2
Bd6 9. O-O h5 10. c4 Ng4 11. h3 Qh4 12. c5 Bh2+ 13. Kh1 Nxf2+ 14. Rxf2 Qxf2 15.
Kxh2 Ne7 16. Nc3 Qxe3 17. Nb5 O-O-O 18. Nxa7+ Kb8 19. Nb5 g5 20. Bxh5 f5 21.
Bc1 Qf2 22. Bf7 g4 23. Kh1 gxh3 0-1

[Event "Scarborough CC ch Reserves op"]
[Site "Toronto CAN"]
[Date "2010.04.22"]
[Round "9"]
[White "Paterson, Jim"]
[Black "Stein, Mickey"]
[Result "0-1"]
[WhiteElo "1905"]
[BlackElo "2038"]
[PlyCount "136"]
[EventDate "2010.02.25"]
[EventType "swiss"]
[EventRounds "9"]
[EventCountry "CAN"]

1. e3 Nf6 2. b3 e5 3. Bb2 Nc6 4. d3 d5 5. Nd2 Bd6 6. Ngf3 O-O 7. Be2 h6 8. e4
d4 9. O-O Ne7 10. Nc4 Ng6 11. a4 Re8 12. c3 c5 13. cxd4 cxd4 14. Qd2 Be6 15.
Rfc1 Rc8 16. Nxd6 Rxc1+ 17. Rxc1 Qxd6 18. b4 Qd7 19. Bd1 Rc8 20. Rxc8+ Qxc8 21.
Qc2 Qxc2 22. Bxc2 Kf8 23. Nd2 Ke8 24. g3 Nd7 25. Bb3 Bxb3 26. Nxb3 f6 27. Kg2
Ngf8 28. f4 Ne6 29. f5 Nc7 30. g4 b6 31. Kg3 Nb8 32. h4 b5 33. Nc5 bxa4 34.
Nxa4 Nc6 35. Nc5 Nxb4 36. g5 Nba6 37. gxh6 gxh6 38. Nxa6 Nxa6 39. Ba3 h5 40.
Kf3 Kd7 41. Ke2 Nc7 42. Kd2 Kc6 43. Kc2 Ne8 44. Kb3 Kd7 45. Bc5 a6 46. Ka4 Nd6
47. Bb4 Nb7 48. Ba3 Nd6 49. Ka5 Nb5 50. Bc5 Nc3 51. Kxa6 Nd1 52. Kb5 Ne3 53.
Bxd4 exd4 54. Kc5 Ng2 55. Kxd4 Nxh4 56. Ke3 Kd6 57. d4 Nxf5+ 58. exf5 Kd5 59.
Kd3 h4 60. Ke3 h3 61. Kf3 Kxd4 62. Kg3 Ke4 63. Kxh3 Kxf5 64. Kg3 Ke4 65. Kg4
f5+ 66. Kg3 Ke3 67. Kg2 f4 68. Kf1 Kf3 0-1

[Event "Scarborough CC ch Reserves op"]
[Site "Toronto CAN"]
[Date "2010.04.22"]
[Round "9"]
[White "Posaratnanathan, Juliaan"]
[Black "Xie, Peter"]
[Result "0-1"]
[WhiteElo "1694"]
[BlackElo "1546"]
[PlyCount "116"]
[EventDate "2010.02.25"]
[EventType "swiss"]
[EventRounds "9"]
[EventCountry "CAN"]

1. e4 e5 2. Nf3 Nc6 3. Bb5 a6 4. Ba4 Nf6 5. O-O Be7 6. Re1 b5 7. Bb3 d6 8. c3
Na5 9. Bc2 O-O 10. h3 c5 11. d4 Nd7 12. Nbd2 exd4 13. cxd4 Nc6 14. Nf1 Bf6 15.
Be3 Bb7 16. Ng3 g6 17. Qd2 Re8 18. Rad1 Rc8 19. dxc5 Nce5 20. Qxd6 Nxf3+ 21.
gxf3 Ne5 22. Kg2 Qxd6 23. Rxd6 Be7 24. Rdd1 Bxc5 25. Bb3 Bxe3 26. Rxe3 Nc4 27.
Re2 Kf8 28. Rd4 a5 29. Bxc4 Rxc4 30. Rxc4 bxc4 31. Rc2 Ba6 32. Nf1 a4 33. Ne3
Rc8 34. b3 axb3 35. axb3 cxb3 36. Rxc8+ Bxc8 37. Nc4 Ke7 38. Kg3 Be6 39. Nd2 b2
40. h4 Ba2 41. h5 b1=Q 42. Nxb1 Bxb1 43. Kg4 Kf6 44. h6 Ba2 45. f4 Be6+ 46. Kf3
g5 47. f5 Bxf5 48. exf5 Kxf5 49. Kg3 Kg6 50. Kg4 f5+ 51. Kg3 Kxh6 52. f4 Kh5
53. Kf3 g4+ 54. Kg3 h6 55. Kg2 Kh4 56. Kh2 g3+ 57. Kg2 Kg4 58. Kg1 Kxf4 0-1

[Event "Scarborough CC ch Reserves op"]
[Site "Toronto CAN"]
[Date "2010.04.22"]
[Round "9"]
[White "Posaratnanathan, Roy"]
[Black "Verde, Pino"]
[Result "1-0"]
[WhiteElo "1701"]
[BlackElo "1895"]
[PlyCount "77"]
[EventDate "2010.02.25"]
[EventType "swiss"]
[EventRounds "9"]
[EventCountry "CAN"]

1. e4 d6 2. d4 Nf6 3. Nc3 Nbd7 4. Nf3 e5 5. dxe5 dxe5 6. Bd3 Be7 7. O-O O-O 8.
h3 c6 9. Be3 Qc7 10. Ne2 Re8 11. c3 Nf8 12. Qc2 Ng6 13. Rad1 Nh5 14. Bc4 Ngf4
15. Nxf4 Nxf4 16. Bxf4 exf4 17. Nd4 g6 18. Rfe1 Qe5 19. Nf3 Qh5 20. Nd4 Bxh3
21. gxh3 Qxh3 22. Bf1 Qg4+ 23. Kh1 f3 24. Qd3 Qh5+ 25. Kg1 Bd6 26. Nxf3 Qg4+
27. Bg2 Bf4 28. Qd7 Qh5 29. Qh3 Qc5 30. Qg4 Bc7 31. Qg5 f5 32. exf5 Rxe1+ 33.
Rxe1 Bb6 34. Nd4 Rf8 35. Qe7 Qxe7 36. Rxe7 Bxd4 37. cxd4 Rxf5 38. Rxb7 Rb5 39.
Bxc6 1-0

[Event "Scarborough CC ch Reserves op"]
[Site "Toronto CAN"]
[Date "2010.04.22"]
[Round "9"]
[White "Rapoport, Alexander"]
[Black "Conte, Mike"]
[Result "0-1"]
[WhiteElo "1809"]
[BlackElo "1823"]
[PlyCount "80"]
[EventDate "2010.02.25"]
[EventType "swiss"]
[EventRounds "9"]
[EventCountry "CAN"]

1. d4 d5 2. Nf3 Nf6 3. e3 c5 4. c3 e6 5. Bd3 Be7 6. O-O Nc6 7. Nbd2 Qc7 8. e4
dxe4 9. Nxe4 cxd4 10. cxd4 Nd5 11. Bd2 Qb6 12. Qa4 Bd7 13. Qc4 Na5 14. Bxa5
Qxa5 15. Ne5 Rc8 16. Qb3 Ba4 17. Qxb7 O-O 18. b3 Rc7 19. Qa6 Qxa6 20. Bxa6 Be8
21. Rac1 Bb4 22. Rc4 Ba5 23. Rfc1 Bb6 24. Nd6 f6 25. Nf3 Bd7 26. Bb5 Bxb5 27.
Nxb5 Rd7 28. Kf1 Rfd8 29. g3 Kf7 30. Nc3 Ke7 31. Nxd5+ Rxd5 32. Ke2 h6 33. b4
e5 34. dxe5 fxe5 35. a4 a6 36. R1c2 Ke6 37. Rc6+ R8d6 38. h3 e4 39. Rxd6+ Kxd6
40. Rd2 exf3+ 0-1

[Event "Scarborough CC ch Reserves op"]
[Site "Toronto CAN"]
[Date "2010.04.22"]
[Round "9"]
[White "Rutherdale, William"]
[Black "Bao, Stephen"]
[Result "1-0"]
[WhiteElo "1734"]
[BlackElo "1619"]
[PlyCount "97"]
[EventDate "2010.02.25"]
[EventType "swiss"]
[EventRounds "9"]
[EventCountry "CAN"]

1. d4 Nf6 2. c4 e6 3. Nc3 Bb4 4. Qc2 c5 5. Nf3 O-O 6. e3 b6 7. Be2 Bb7 8. O-O
d5 9. cxd5 exd5 10. a3 Ba5 11. Rb1 Nc6 12. Rd1 Bxc3 13. bxc3 c4 14. a4 Re8 15.
Nd2 Rc8 16. Bf3 Na5 17. Ba3 Qd7 18. Re1 Ne4 19. Bxe4 dxe4 20. Bb4 Nc6 21. Nxc4
Nxb4 22. Rxb4 Qd5 23. Nd2 Ba6 24. c4 Qd6 25. Rb3 Qc6 26. Rc3 f5 27. Rc1 Red8
28. Qb3 Kh8 29. Qb4 Qd7 30. a5 Rb8 31. axb6 Rxb6 32. Qc5 Rc8 33. Qe5 Re8 34.
Qc5 Rc8 35. Qa3 Qb7 36. Nb3 Qc7 37. Nc5 Bb7 38. Ra1 a6 39. g3 h5 40. h4 Rg6 41.
Kg2 Kh7 42. Rb3 Rb8 43. Rab1 Qe7 44. Rxb7 Rxb7 45. Rxb7 Qxh4 46. Nd7 Qd8 47.
Qf8 Qa5 48. Ne5 Rg5 49. Rb8 1-0

[Event "Scarborough CC ch Reserves op"]
[Site "Toronto CAN"]
[Date "2010.04.22"]
[Round "9"]
[White "Ugodnikov, Arkadiy"]
[Black "Stewart, Frankie"]
[Result "1-0"]
[WhiteElo "1785"]
[BlackElo "1766"]
[PlyCount "119"]
[EventDate "2010.02.25"]
[EventType "swiss"]
[EventRounds "9"]
[EventCountry "CAN"]

1. e4 e5 2. Nf3 Nf6 3. Nxe5 d6 4. Nf3 Nxe4 5. d4 Nc6 6. Bd3 Nf6 7. O-O Be7 8.
Re1 O-O 9. h3 Nb4 10. Bc4 Bf5 11. Bb3 Qd7 12. a3 Nc6 13. Bf4 Na5 14. Ba2 Rfe8
15. b4 Nc6 16. d5 Nb8 17. Nc3 Bd8 18. Qd2 Ne4 19. Nxe4 Rxe4 20. Rxe4 Bxe4 21.
Nd4 Bf6 22. c3 Bxd4 23. Qxd4 Qf5 24. Bg3 a6 25. Re1 Bc2 26. c4 Ba4 27. c5 Qg6
28. Bb1 Qh6 29. Bf4 Qh4 30. Qe4 Nd7 31. cxd6 Nf6 32. Qf3 cxd6 33. Bxd6 Re8 34.
Rxe8+ Nxe8 35. Bc5 Qg5 36. Be3 Qe5 37. Qe4 Qxe4 38. Bxe4 h6 39. Bc5 f6 40. Bf5
Kf7 41. Bc8 Bb5 42. Bxb7 Nc7 43. Bb6 Ne8 44. a4 Bc4 45. Bc6 Nd6 46. f3 f5 47.
Bc5 Ne8 48. d6 Nxd6 49. Bxd6 Ke6 50. Bc5 g6 51. Kf2 g5 52. b5 axb5 53. axb5 Bd5
54. Bxd5+ Kxd5 55. Ba7 f4 56. g3 fxg3+ 57. Kxg3 h5 58. Be3 g4 59. fxg4 hxg4 60.
Kxg4 1-0

[Event "Scarborough CC-ch Reserves U1700"]
[Site "Toronto CAN"]
[Date "2011.03.10"]
[Round "3"]
[White "Al Ganabi, Yasir"]
[Black "Roy, Lawrence"]
[Result "1-0"]
[WhiteElo "1347"]
[BlackElo "1017"]
[PlyCount "65"]
[EventDate "2010.02.24"]
[EventType "swiss"]
[EventRounds "9"]
[EventCountry "CAN"]

1. e4 e5 2. Nf3 Nf6 3. Nc3 Bb4 4. d3 Bxc3+ 5. bxc3 Nc6 6. d4 d6 7. Bd3 O-O 8.
Ba3 Re8 9. d5 Nxd5 10. exd5 e4 11. Bxe4 Rxe4+ 12. Kf1 Ne7 13. Qd3 Ra4 14. Bb4
b6 15. a3 Ba6 16. c4 Qe8 17. Re1 b5 18. Nd2 bxc4 19. Nxc4 c6 20. dxc6 d5 21.
Rxe7 Qxe7 22. Bxe7 Bxc4 23. Qxc4 Rxc4 24. h4 Rxc2 25. Rh2 Rxc6 26. g4 h6 27. g5
hxg5 28. hxg5 Rac8 29. Kg2 Rc3 30. Rh5 g6 31. Rh6 Kg7 32. Bf6+ Kg8 33. Rh8# 1-0

[Event "Scarborough CC-ch Reserves U1700"]
[Site "Toronto CAN"]
[Date "2011.03.17"]
[Round "4"]
[White "Kaneshalingam, Mathanhe"]
[Black "Roy, Harrison"]
[Result "1-0"]
[WhiteElo "826"]
[BlackElo "927"]
[PlyCount "47"]
[EventDate "2010.02.24"]
[EventType "swiss"]
[EventRounds "9"]
[EventCountry "CAN"]

1. d4 d5 2. c4 e6 3. Nc3 Bb4 4. Bf4 Nf6 5. cxd5 exd5 6. Nf3 Bg4 7. e3 O-O 8.
Bd3 Ne4 9. Qc2 Bxf3 10. gxf3 Ng5 11. Qe2 Nc6 12. Qf1 Nxf3+ 13. Kd1 Bxc3 14. Qh3
h6 15. bxc3 Nh4 16. Qg3 g5 17. Rg1 Ng6 18. Bxg6 fxg6 19. h4 Rf5 20. hxg5 hxg5
21. Bxg5 Qe8 22. Bh4 Ne7 23. Bxe7 Qxe7 24. Qxg6+ 1-0

[Event "Scarborough CC-ch Reserves U1700"]
[Site "Toronto CAN"]
[Date "2011.03.17"]
[Round "4"]
[White "Vyravanathan, Sobiga"]
[Black "Karpik, Steve"]
[Result "0-1"]
[WhiteElo "1309"]
[BlackElo "1535"]
[PlyCount "158"]
[EventDate "2010.02.24"]
[EventType "swiss"]
[EventRounds "9"]
[EventCountry "CAN"]

1. e4 d6 2. d4 Nf6 3. Nc3 g6 4. Nf3 Bg7 5. Be2 O-O 6. O-O Nc6 7. Bg5 a6 8. h3
Bd7 9. a3 Qc8 10. Re1 Re8 11. Qd2 e5 12. d5 Ne7 13. Bxf6 Bxf6 14. Qh6 Kh8 15.
Rad1 Ng8 16. Qe3 Bg7 17. Qg5 Qd8 18. Kh1 f5 19. Qxd8 Raxd8 20. Ng5 Nh6 21. Kg1
Kg8 22. Kh1 Bf6 23. Nf3 f4 24. Kg1 Kf7 25. Kf1 Rg8 26. Nd2 Rdf8 27. Nb3 Ke8 28.
Bd3 Bh4 29. Be2 g5 30. Bh5+ Kd8 31. Nd2 g4 32. hxg4 Bxg4 33. Bxg4 Nxg4 34. Re2
Nh2+ 35. Kg1 f3 36. Ree1 Rxg2+ 37. Kh1 Rfg8 38. Rg1 Ng4 39. Rxg2 fxg2+ 40. Kxg2
Ne3+ 41. Kh3 Nxd1 42. Nxd1 Bg5 43. Nf3 Bc1 44. Kh2 Rf8 45. Kg2 h6 46. Nh4 Rg8+
47. Kh3 Rg1 48. Nc3 Bxb2 49. Ne2 Re1 50. Ng3 Bxa3 51. Nhf5 Bc1 52. Kh4 a5 53.
Ne3 Bxe3 54. fxe3 Rxe3 55. Nf1 Rxe4+ 56. Kh5 a4 57. Nd2 Rd4 58. Nb1 Rxd5 59.
Kxh6 Ra5 60. Kg5 a3 61. Nxa3 Rxa3 62. Kf5 Rc3 63. Ke4 Rxc2 64. Kd3 Rc6 65. Ke4
b5 66. Kd5 Rc1 67. Ke4 b4 68. Kd3 b3 69. Kd2 Rc6 70. Kd3 b2 71. Ke4 b1=Q+ 72.
Kd5 Rc5+ 73. Ke6 Qb3+ 74. Kf6 Qc4 75. Kg5 Qf4+ 76. Kg6 e4 77. Kh7 Qf6 78. Kg8
Rg5+ 79. Kh7 Qg7# 0-1

[Event "Schleinich mem"]
[Site "Edmonton CAN"]
[Date "2010.01.08"]
[Round "1"]
[White "Holmstrom, Phil"]
[Black "Todd, Adie"]
[Result "0-1"]
[WhiteElo "1664"]
[BlackElo "1596"]
[PlyCount "68"]
[EventDate "2010.01.08"]
[EventType "swiss"]
[EventRounds "4"]
[EventCountry "CAN"]

1. e4 c5 2. Nc3 d6 3. g3 Nf6 4. Bg2 g6 5. d3 Bg7 6. Bd2 O-O 7. Qc1 Re8 8. Nge2
Nc6 9. O-O Bd7 10. h3 Rc8 11. f4 Qc7 12. Nb5 Qb6 13. c4 Nb4 14. Nbc3 Nxd3 15.
Qb1 Nxb2 16. Qc1 Nxc4 17. Rb1 Qa6 18. f5 Nxd2 19. Qxd2 Bc6 20. fxg6 hxg6 21. g4
b5 22. g5 b4 23. gxf6 bxc3 24. Nxc3 Bxf6 25. Nd5 Bxd5 26. exd5 Rb8 27. Rbe1 Qc4
28. Kh1 Rb2 29. Qe3 Reb8 30. Rf4 Qc2 31. Rg4 R8b4 32. Qg3 Rxg4 33. Qxg4 Qf5 34.
Qd1 Qf2 0-1

[Event "Schleinich mem"]
[Site "Edmonton CAN"]
[Date "2010.01.08"]
[Round "1"]
[White "Kaminski, Thomas"]
[Black "Bentley, Bill"]
[Result "1-0"]
[WhiteElo "2243"]
[BlackElo "1806"]
[PlyCount "64"]
[EventDate "2010.01.08"]
[EventType "swiss"]
[EventRounds "4"]
[EventCountry "CAN"]

1. c4 e6 2. g3 Nf6 3. Bg2 d5 4. Nf3 Be7 5. O-O O-O 6. d4 c6 7. Nc3 Nbd7 8. b3
b6 9. Bb2 Bb7 10. Qc2 dxc4 11. bxc4 c5 12. d5 exd5 13. cxd5 Nxd5 14. Nxd5 Bxd5
15. Rfd1 Be6 16. Ne5 Rc8 17. Bc6 Rc7 18. Qa4 Bf6 19. Bxd7 Bxd7 20. Nxd7 Bxb2
21. Nxf8 Qxf8 22. Rab1 Bf6 23. Qc4 Qe8 24. Rd5 Re7 25. Rbd1 Re6 26. Rd7 a5 27.
e3 h6 28. Qd5 Kh7 29. Qb7 Kg8 30. h4 c4 31. Qc7 Kh7 32. Qxc4 Qb8 1-0

[Event "Schleinich mem"]
[Site "Edmonton CAN"]
[Date "2010.01.08"]
[Round "1"]
[White "Kuczaj, Chris"]
[Black "Ficzere, Tony"]
[Result "0-1"]
[WhiteElo "1785"]
[BlackElo "1802"]
[PlyCount "46"]
[EventDate "2010.01.08"]
[EventType "swiss"]
[EventRounds "4"]
[EventCountry "CAN"]

1. d4 Nf6 2. c4 e6 3. Nf3 b6 4. Nc3 Bb7 5. Bg5 Be7 6. e3 O-O 7. Bd3 h6 8. Bh4
d6 9. Qc2 Nbd7 10. O-O c5 11. Rac1 Rc8 12. Qe2 d5 13. cxd5 Nxd5 14. Bxe7 Nxc3
15. bxc3 Qxe7 16. e4 Rc7 17. Rc2 Rfc8 18. Rfc1 c4 19. Nd2 cxd3 20. Qxd3 Nf6 21.
c4 Rd8 22. e5 Nh7 23. Nb3 Qg5 0-1

[Event "Schleinich mem"]
[Site "Edmonton CAN"]
[Date "2010.01.08"]
[Round "1"]
[White "Sequillion, Aaron"]
[Black "Karmali, Hafiz"]
[Result "1-0"]
[WhiteElo "2050"]
[BlackElo "2081"]
[PlyCount "85"]
[EventDate "2010.01.08"]
[EventType "swiss"]
[EventRounds "4"]
[EventCountry "CAN"]

1. Nf3 d5 2. g3 Bg4 3. Bg2 c6 4. O-O Nd7 5. d4 e6 6. Nbd2 f5 7. c4 Bd6 8. b3
Ngf6 9. Bb2 O-O 10. Ne5 Bh5 11. f3 Qc7 12. Nxd7 Qxd7 13. Qc2 f4 14. gxf4 Bxf4
15. e4 dxe4 16. Nxe4 Be3+ 17. Kh1 Bxd4 18. Rad1 e5 19. Rd2 Nxe4 20. Qxe4 c5 21.
f4 Qf5 22. Qd5+ Kh8 23. fxe5 Qxf1+ 24. Bxf1 Bf3+ 25. Bg2 Bxd5 26. cxd5 Bxb2 27.
Rxb2 Rad8 28. e6 Rfe8 29. Rf2 Re7 30. h4 g6 31. Kh2 Kg7 32. Kg3 b6 33. Re2 Rd6
34. Kf4 Kf6 35. Ke4 Rd8 36. Rf2+ Kg7 37. Ke5 Rf8 38. Rxf8 Kxf8 39. d6 Re8 40.
Kf6 b5 41. e7+ Kg8 42. Bd5+ Kh8 43. d7 1-0

[Event "Schleinich mem"]
[Site "Edmonton CAN"]
[Date "2010.01.08"]
[Round "1"]
[White "Wanless, Michael"]
[Black "Miller, David"]
[Result "0-1"]
[WhiteElo "1504"]
[BlackElo "1702"]
[PlyCount "122"]
[EventDate "2010.01.08"]
[EventType "swiss"]
[EventRounds "4"]
[EventCountry "CAN"]

1. e4 e6 2. d4 d5 3. e5 c5 4. Nf3 cxd4 5. Nxd4 Nc6 6. Bb5 Bd7 7. Bxc6 bxc6 8.
O-O c5 9. Nf3 Bb5 10. Re1 Nh6 11. Nc3 Ba6 12. b3 Nf5 13. Bb2 c4 14. Nd4 Nxd4
15. Qxd4 Qc7 16. Na4 Bb5 17. Nc3 a6 18. a4 Bd7 19. Kh1 cxb3 20. cxb3 Bc5 21.
Qd2 Qb6 22. f4 Qxb3 23. Rab1 Bb4 24. Ba1 Bxc3 25. Bxc3 Qxa4 26. Rb7 Qc6 27.
Reb1 Rc8 28. Ba5 O-O 29. h4 Qa4 30. f5 Qxh4+ 31. Kg1 Bb5 32. Rb4 Qh6 33. Qxh6
gxh6 34. Rg4+ Kh8 35. f6 Be2 36. Rgb4 Bc4 37. Kf2 h5 38. g3 h6 39. Ke3 Kh7 40.
Rb1 Kg6 41. Kf4 Bb5 42. Rg1 Rc4+ 43. Kf3 Kf5 44. Re1 Ra4 45. Bc7 Ra3+ 46. Re3
Rxe3+ 47. Kxe3 Kg6 48. Bd6 Ra8 49. Rc7 Bc4 50. Kf4 a5 51. g4 h4 52. Rb7 d4 53.
Rb1 d3 54. Bc5 a4 55. Be3 a3 56. Bd2 a2 57. Ra1 Rb8 58. Rh1 Rb1 59. Rxh4 a1=Q
60. Ke4 Re1+ 61. Kf3 Bd5+ 0-1

[Event "Schleinich mem"]
[Site "Edmonton CAN"]
[Date "2010.01.08"]
[Round "1"]
[White "Willis, Bradley"]
[Black "Wojtas, Artur"]
[Result "1/2-1/2"]
[WhiteElo "2053"]
[BlackElo "1888"]
[PlyCount "48"]
[EventDate "2010.01.08"]
[EventType "swiss"]
[EventRounds "4"]
[EventCountry "CAN"]

1. d4 Nf6 2. Nf3 g6 3. Nc3 Bg7 4. e4 d6 5. Be2 Nbd7 6. h3 c5 7. Be3 cxd4 8.
Nxd4 a6 9. a4 b6 10. g4 Bb7 11. f3 Rc8 12. Qd2 Ne5 13. Bh6 Bxh6 14. Qxh6 Nc4
15. Bxc4 Rxc4 16. Qe3 Qc7 17. Kf2 O-O 18. Rad1 Rd8 19. Nde2 e5 20. g5 Nh5 21.
Qd3 Qc5+ 22. Qe3 Qc7 23. Qd3 Qc5+ 24. Qe3 Qc7 1/2-1/2

[Event "Schleinich mem"]
[Site "Edmonton CAN"]
[Date "2010.01.09"]
[Round "2"]
[White "Bentley, Bill"]
[Black "Karmali, Hafiz"]
[Result "1/2-1/2"]
[WhiteElo "1806"]
[BlackElo "2086"]
[PlyCount "77"]
[EventDate "2010.01.08"]
[EventType "swiss"]
[EventRounds "4"]
[EventCountry "CAN"]

1. d4 d5 2. c4 e6 3. Nf3 c6 4. Bg5 Be7 5. Bxe7 Qxe7 6. e3 Nd7 7. Nc3 Ngf6 8.
Bd3 O-O 9. O-O a6 10. Qc2 dxc4 11. Bxc4 b5 12. Bd3 c5 13. Ne4 c4 14. Be2 Bb7
15. Ned2 Rac8 16. a4 Nd5 17. axb5 axb5 18. Ra7 Rc7 19. Rfa1 N7b6 20. Ne4 Nb4
21. Qb1 Na4 22. Nc3 Nc6 23. Nxb5 Nxa7 24. Nxc7 Bc6 25. Na6 Nb6 26. Nc5 Rb8 27.
Ne5 Bb5 28. Qc2 g6 29. h3 Nc6 30. Nxc4 Bxc4 31. Bxc4 Nxc4 32. Qxc4 Rxb2 33. Nd3
Rb6 34. Ra8+ Kg7 35. Qc3 Rb1+ 36. Kh2 Qd6+ 37. f4 Qd5 38. Ra6 Rb3 39. Qc2
1/2-1/2

[Event "Schleinich mem"]
[Site "Edmonton CAN"]
[Date "2010.01.09"]
[Round "2"]
[White "Ficzere, Tony"]
[Black "Todd, Adie"]
[Result "1/2-1/2"]
[WhiteElo "1802"]
[BlackElo "1596"]
[PlyCount "46"]
[EventDate "2010.01.08"]
[EventType "swiss"]
[EventRounds "4"]
[EventCountry "CAN"]

1. d4 d5 2. Nf3 Nf6 3. Bf4 c6 4. e3 Bf5 5. Bd3 Bxd3 6. Qxd3 e6 7. O-O Nh5 8.
Re1 Be7 9. Nbd2 Nxf4 10. exf4 O-O 11. f5 exf5 12. Qxf5 Nd7 13. Re3 Re8 14. Rae1
Nf6 15. Ne5 Bd6 16. Ndf3 Qc8 17. Qxc8 Raxc8 18. Ng5 Re7 19. Ng4 Rxe3 20. Nxe3
Re8 21. Kf1 h6 22. Nf3 Kf8 23. h3 Ne4 1/2-1/2

[Event "Schleinich mem"]
[Site "Edmonton CAN"]
[Date "2010.01.09"]
[Round "2"]
[White "Kaminski, Thomas"]
[Black "Willis, Bradley"]
[Result "0-1"]
[WhiteElo "2243"]
[BlackElo "2053"]
[PlyCount "50"]
[EventDate "2010.01.08"]
[EventType "swiss"]
[EventRounds "4"]
[EventCountry "CAN"]

1. c4 Nf6 2. g3 g6 3. Bg2 Bg7 4. Nc3 O-O 5. d4 d6 6. Nf3 a5 7. O-O Nc6 8. e4 e5
9. d5 Ne7 10. Ne1 Ne8 11. Nd3 c5 12. f4 b6 13. Bd2 f5 14. fxe5 dxe5 15. exf5
Nxf5 16. d6 Be6 17. Bxa8 Qxa8 18. d7 Ned6 19. Bg5 Nf7 20. d8=Q Nxd8 21. Nd5
Bxd5 22. cxd5 Nf7 23. Bd2 Qxd5 24. Bc3 Ng5 25. Nxe5 Nh3# 0-1

[Event "Schleinich mem"]
[Site "Edmonton CAN"]
[Date "2010.01.09"]
[Round "2"]
[White "Kuczaj, Chris"]
[Black "Wanless, Michael"]
[Result "1-0"]
[WhiteElo "1785"]
[BlackElo "1504"]
[PlyCount "33"]
[EventDate "2010.01.08"]
[EventType "swiss"]
[EventRounds "4"]
[EventCountry "CAN"]

1. d4 d5 2. c4 c6 3. Nc3 Nf6 4. e3 Bf5 5. cxd5 cxd5 6. Qb3 Qd7 7. Bb5 Nc6 8.
Nf3 e6 9. Ne5 Qc7 10. Qa4 Be7 11. Nxc6 bxc6 12. Bxc6+ Nd7 13. Bxa8 O-O 14. Qc6
Rc8 15. Qxc7 Rxc7 16. O-O a6 17. Bxd5 1-0

[Event "Schleinich mem"]
[Site "Edmonton CAN"]
[Date "2010.01.09"]
[Round "2"]
[White "Miller, David"]
[Black "Holmstrom, Phil"]
[Result "1/2-1/2"]
[WhiteElo "1702"]
[BlackElo "1664"]
[PlyCount "33"]
[EventDate "2010.01.08"]
[EventType "swiss"]
[EventRounds "4"]
[EventCountry "CAN"]

1. e4 g6 2. d4 Bg7 3. Be3 d6 4. Qd2 Nf6 5. f3 O-O 6. Bh6 Bxh6 7. Qxh6 c5 8.
dxc5 Qa5+ 9. Nc3 Qxc5 10. O-O-O Nc6 11. Nge2 Be6 12. Nf4 Qe3+ 13. Kb1 Nh5 14.
g3 Nb4 15. a3 a5 16. Be2 Nxf4 17. Qxf4 1/2-1/2

[Event "Schleinich mem"]
[Site "Edmonton CAN"]
[Date "2010.01.09"]
[Round "2"]
[White "Wojtas, Artur"]
[Black "Sequillion, Aaron"]
[Result "1-0"]
[WhiteElo "1888"]
[BlackElo "2050"]
[PlyCount "79"]
[EventDate "2010.01.08"]
[EventType "swiss"]
[EventRounds "4"]
[EventCountry "CAN"]

1. e4 c6 2. d4 d5 3. e5 Bf5 4. Nf3 e6 5. Be2 Nd7 6. Be3 Ne7 7. O-O Bg6 8. Nh4
Nf5 9. Nxf5 Bxf5 10. Nd2 Be7 11. g4 Be4 12. f3 Bg6 13. f4 f5 14. exf6 Nxf6 15.
f5 exf5 16. gxf5 Bf7 17. Nf3 Bd6 18. Ne5 Qc7 19. Bf4 O-O-O 20. b4 g5 21. Nxf7
Qxf7 22. Bxd6 Rxd6 23. b5 h5 24. bxc6 Rxc6 25. Rb1 Ne4 26. Rb3 g4 27. Bd3 h4
28. Bxe4 dxe4 29. Qe2 Qd5 30. c3 g3 31. Rf4 gxh2+ 32. Kxh2 Re8 33. Rxh4 Qxf5
34. Rb5 Qf6 35. Qg4+ Kb8 36. Qg3+ Ka8 37. Re5 Rce6 38. Rhxe4 a6 39. Rxe6 Rxe6
40. Qg8+ 1-0